|
|
|
|
| LEADER |
00839 a2200181 4500 |
| 020 |
|
|
|a 9789385538148
|
| 082 |
|
|
|a S 181.43
|b VAR/T
|
| 100 |
|
|
|a Varadaraja
|9 11133
|
| 245 |
|
|
|a Tarkikaraksha:
|b with the commentary of nyayasara samgraha/
|c by Varadaraja; edited by Rajendranatha Sharma.
|
| 260 |
|
|
|b Gyan Bharati,
|a Delhi:
|c 2016.
|
| 300 |
|
|
|a 115p.
|
| 650 |
|
|
|a Philosophy Nyaya
|9 11134
|
| 650 |
|
|
|a Philosophy
|z India
|9 11135
|
| 700 |
|
|
|a Rajendranatha Sharma
|9 11136
|
| 942 |
|
|
|c BK
|
| 999 |
|
|
|c 63199
|d 63199
|
| 952 |
|
|
|0 0
|1 0
|4 0
|6 S_181_430000000000000_VAR_T
|7 0
|9 84799
|a SSUS
|b SSUS
|c STACKS
|d 2017-02-15
|g 395.00
|l 4
|o S 181.43 VAR/T
|p 083630
|r 2020-01-27
|s 2019-12-18
|w 2017-02-15
|y BK
|
| 952 |
|
|
|0 0
|1 0
|4 0
|6 S_181_430000000000000_VAR_T
|7 0
|9 84800
|a SSUS
|b SSUS
|c STACKS
|d 2017-02-15
|g 395.00
|l 3
|o S 181.43 VAR/T
|p 083631
|q 2020-11-19
|r 2020-11-05
|s 2020-11-05
|w 2017-02-15
|y BK
|